| 000 | 00839nam a2200229 i 4500 | ||
|---|---|---|---|
| 001 | 93978 | ||
| 003 | ES-MaACL | ||
| 005 | 20250831120132.0 | ||
| 007 | t| | ||
| 008 | 050426s1968 sp ||||1| spa d | ||
| 100 | 1 |
_aLópez de Sebastian y Gómez de Agüero, José. _973590 |
|
| 245 | 1 | 0 |
_aReforma agraria en España _b: (Sierra Morena en el S. XVIII) / _cJosé López de Sebastián y Gómez de Agüero. |
| 260 |
_aMadrid : _bZYX, _c1968. |
||
| 300 |
_a230 p. ; _c20 cm. |
||
| 490 | 1 |
_aBiblioteca "Promoción del pueblo" ; _v23 |
|
| 650 | 4 |
_aColonización agraria- _zEspaña. _9170663 |
|
| 650 | 0 | 4 |
_aReforma agraria- _zEspaña- _yS.XVIII _916722 |
| 651 | 4 |
_aSierra Morena (España)- _xColonización. _9171660 |
|
| 830 | 1 |
_aBiblioteca "Promoción del pueblo" ; _v23 _9180624 |
|
| 852 |
_aES-MaACL _jC-50502 |
||
| 999 |
_c93978 _d93978 |
||